02906cam a2200313 i 450000100090000000300060000900500170001500800410003202000180007303500170009104000690010804100080017704200080018505000250019310000320021824500590025026000360030930000230034552010510036852009250141960000580234465000290240265000260243165000350245765000240249265100270251665100190254365100300256210618891CaAEU20251029135051.0231107t20242024fr 000 f fre c a9782702185179 aon1416871652 aAUXAMbengerdacAUXAMdTJCdNOCdOCLCOdC3LdQGKdVP@dUABdAEU afre apcc 4aPQ2716.E74bI56 2024 aPeretti, Camille deeauthor12aL'inconnue du portraitb: romanc/ Camille de Peretti. aParis :bCalmann-Lévy,c2024. a357 pages ;c22 cm8 a'La toile vibrait de beauté. Elle en avait le souffle coupé et se noyait dans l'oeil bleu ciel piqueté de vert. Est-ce qu'elle était réellement le sosie de cette inconnue ?' Peint à Vienne en 1910, le tableau de Gustav Klimt Portrait d'une dame est acheté par un collectionneur anonyme en 1916, retouché par le maître un an plus tard, puis volé en 1997, avant de réapparaître en 2019 dans les jardins d'un musée d'art moderne en Italie. Aucun expert en art, aucun conservateur de musée, aucun enquêteur de police ne sait qui était la jeune femme représentée sur le tableau, ni quels mystères entourent l'histoire mouvementée de son portrait. Des rues de Vienne en 1900 au Texas des années 1980, du Manhattan de la Grande Dépression à l'Italie contemporaine, Camille de Peretti imagine la destinée de cette jeune femme, ainsi que celles de ses descendants. Une fresque magistrale où se mêlent secrets de familles, succès éclatants, amours contrariées, disparitions et drames retentissants.8 a“The canvas shimmered with beauty. It took her breath away, and she drowned in that sky-blue eye flecked with green. Was she really the double of this unknown woman?” Painted in Vienna in 1910, Gustav Klimt’s Portrait of a Lady was purchased by an anonymous collector in 1916, retouched by the master a year later, then stolen in 1997—before mysteriously resurfacing in 2019 in the gardens of a modern art museum in Italy. No art expert, museum curator, or police investigator knows who the young woman in the portrait was, nor what secrets lie behind the painting’s turbulent history. From the streets of Vienna in 1900 to Texas in the 1980s, from Depression-era Manhattan to contemporary Italy, Camille de Peretti imagines the fate of this young woman and that of her descendants. A sweeping saga woven with family secrets, dazzling successes, doomed love affairs, disappearances, and resounding tragedies. 0aKlimt, Gustavd1862-1918tPortrait of a LadyvFiction 0aArtists' modelsvFiction 0aShoe shinersvFiction 0aIllegitimate childrenvFiction 0aArt theftsvFiction 0aUnited StatesvFiction 0aItalyvFiction 0aVienna (Austria)vFiction